| 000 | 01120cam a2200313 a 4500 | ||
|---|---|---|---|
| 001 | 16445373 | ||
| 005 | 20230718091405.0 | ||
| 008 | 100903s2011 enkab b 001 0 eng | ||
| 010 | _a 2010037270 | ||
| 015 |
_aGBB0A7373 _2bnb |
||
| 016 | 7 |
_a015643987 _2Uk |
|
| 020 | _a9780470519080 (cloth) | ||
| 020 | _a9780470519097 (pbk.) | ||
| 035 | _a(OCoLC)ocn662154603 | ||
| 040 |
_aDLC _cDLC _dYDX _dUKM _dYDXCP _dCDX _dDLC |
||
| 050 | 0 | 0 | _aGB 611 .A75 2011 |
| 082 | 0 | 0 |
_a551.41/5 _222 |
| 245 | 0 | 0 |
_aArid zone geomorphology : _bprocess, form and change in drylands / _cedited by David S.G. Thomas. |
| 250 | _a3rd ed. | ||
| 260 |
_aChichester, West Sussex ; _aHoboken, NJ : _bWiley-Blackwell, _c2011. |
||
| 300 |
_axxiv, 624 p. : _bill., maps ; _c26 cm. |
||
| 504 | _aIncludes bibliographical references and index. | ||
| 650 | 0 | _aGeomorphology. | |
| 650 | 0 | _aArid regions. | |
| 700 | 1 | _aThomas, David S. G. | |
| 906 |
_a7 _bcbc _corignew _d1 _eecip _f20 _gy-gencatlg |
||
| 942 |
_2lcc _cBOOKS _hGB 611 .A75 2011 |
||
| 999 |
_c31703 _d31703 |
||